000
00254 a2200109 4500
003
Nust
005
20170207154230.0
040
_c
Nust
082
_a
371.33
245
_a
Innovation-Video Magic (VHS-473)
440
_a
Innovation-Video Magic (VHS-473)
538
_a
Duration in Minutes-54
999
_c
195808
_d
195808